[Event "Kinross USSA (Women) op"]
[Site "Kinross"]
[Date "2018.07.06"]
[Round "8"]
[White "Setwaba, Refilwe"]
[Black "Raubenheimer, Lize"]
[Result "1-0"]
[WhiteElo "1325"]
[BlackElo "1149"]
[PlyCount "87"]
[EventDate "2018.07.02"]
[EventType "swiss"]
[EventRounds "9"]
[EventCountry "RSA"]
[SourceTitle "CBM 185 Extra"]
[Source "ChessBase"]
[SourceDate "2018.07.29"]
[SourceVersion "1"]
[SourceVersionDate "2018.07.29"]
[SourceQuality "1"]

1. d4 d5 2. Nf3 Nf6 3. g3 c6 4. Bg2 Bf5 5. 0-0 Nbd7 6. b3 e6 7. Bb2 Bd6 8. Nbd2 Qc7 9. c4 0-0 10. Re1 Ne4 11. c5 Be7 12. Nxe4 Bxe4 13. Rc1 Nf6 14. Bh3 h6 15. Nd2 Bg6 16. Bg2 Rfd8 17. Nf3 Be4 18. Bc3 Qd7 19. Ne5 Qe8 20. f3 Bh7 21. Bd2 Nd7 22. Ng4 Bg5 23. Bxg5 hxg5 24. Qd2 Qe7 25. e4 dxe4 26. fxe4 Nf8 27. d5 cxd5 28. exd5 Rd7 29. d6 Qe8 30. Ne5 Rdd8 31. Bxb7 Rab8 32. Bc6 Nd7 33. Nxd7 Rxd7 34. Bxd7 Qxd7 35. c6 Qe8 36. Qxg5 Bg6 37. d7 Qf8 38. c7 Ra8 39. d8Q Rxd8 40. cxd8Q Qxd8 41. Qxd8+ Kh7 42. Qh4+ Bh5 43. Qxh5+ Kg8 44. Rc8# 1-0

[Event "Kinross USSA (Women) op"]
[Site "Kinross"]
[Date "2018.07.05"]
[Round "7"]
[White "Tlale, Tshepang"]
[Black "Setwaba, Refilwe"]
[Result "1-0"]
[WhiteElo "1748"]
[BlackElo "1325"]
[PlyCount "65"]
[EventDate "2018.07.02"]
[EventType "swiss"]
[EventRounds "9"]
[EventCountry "RSA"]
[SourceTitle "CBM 185 Extra"]
[Source "ChessBase"]
[SourceDate "2018.07.29"]
[SourceVersion "1"]
[SourceVersionDate "2018.07.29"]
[SourceQuality "1"]

1. e4 e6 2. Nf3 d5 3. Nc3 d4 4. Ne2 c5 5. c3 d3 6. Nf4 Nf6 7. Nxd3 Nxe4 8. Qa4+ Nc6 9. Qxe4 Be7 10. Nde5 Nxe5 11. Nxe5 0-0 12. Bc4 Rb8 13. Qe2 Qc7 14. 0-0 b6 15. h3 Bf6 16. Re1 Bb7 17. d3 Bd5 18. Bxd5 exd5 19. Ng4 Qd6 20. Qf3 Rbd8 21. Nxf6+ Qxf6 22. Qxf6 gxf6 23. Bh6 Rfe8 24. Rxe8+ Rxe8 25. Kf1 f5 26. Re1 Rxe1+ 27. Kxe1 a6 28. Ke2 f6 29. b3 Kf7 30. Kf3 Ke6 31. Kf4 b5 32. d4 c4 33. b4 1-0

[Event "RSA-ch U20 Girls"]
[Site "Waterkloof"]
[Date "2015.04.04"]
[Round "1"]
[White "Swanepoel, Caro Mae"]
[Black "Setwaba, Refilwe"]
[Result "1-0"]
[WhiteElo "1099"]
[BlackElo "1458"]
[PlyCount "98"]
[EventDate "2015.04.04"]
[EventType "swiss"]
[EventRounds "9"]
[EventCountry "RSA"]
[SourceTitle "CBM 166 Extra"]
[Source "ChessBase"]
[SourceDate "2015.06.18"]
[SourceVersion "1"]
[SourceVersionDate "2015.06.18"]
[SourceQuality "1"]

1. e4 e6 2. d4 d5 3. e5 c5 4. Nf3 Nc6 5. c3 Qb6 6. Be2 Nge7 7. 0-0 cxd4 8. cxd4 Nf5 9. Qa4 Nfxd4 10. Nc3 Nxe2+ 11. Nxe2 Bc5 12. b3 Bd7 13. Qf4 h6 14. Bb2 Nb4 15. Qd2 Bb5 16. a4 Ba6 17. Ba3 Rc8 18. Bxb4 Qxb4 19. Qxb4 Bxb4 20. Nfd4 Bxe2 21. Nxe2 Rc2 22. Nd4 Rd2 23. Rad1 Rxd1 24. Rxd1 Kd7 25. Nc2 Bc3 26. Nd4 Rc8 27. f4 Bxd4+ 28. Rxd4 Rc3 29. Rb4 b6 30. a5 Kc6 31. axb6 axb6 32. g4 Kc5 33. Ra4 Rxb3 34. Ra7 d4 35. Rxf7 d3 36. Rxg7 d2 37. Rd7 Rb1+ 38. Kf2 d1Q 39. Rxd1 Rxd1 40. Ke3 Kd5 41. h4 Rg1 42. Kf3 b5 43. f5 Kxe5 44. fxe6 Kxe6 45. Kf4 b4 46. g5 hxg5+ 47. hxg5 b3 48. g6 b2 49. g7 b1Q 1-0